<?xml version="1.0" encoding="UTF-8"?>
<record
    xmlns:xsi="http://www.w3.org/2001/XMLSchema-instance"
    xsi:schemaLocation="http://www.loc.gov/MARC21/slim http://www.loc.gov/standards/marcxml/schema/MARC21slim.xsd"
    xmlns="http://www.loc.gov/MARC21/slim">

  <leader>02055nam a2200277Ia 4500</leader>
  <controlfield tag="001">K0409</controlfield>
  <controlfield tag="003">IT-RoPAU</controlfield>
  <controlfield tag="008">130308s9999    xx            000 0 und d</controlfield>
  <datafield tag="040" ind1=" " ind2=" ">
    <subfield code="a">IT-RoPAU</subfield>
  </datafield>
  <datafield tag="040" ind1=" " ind2=" ">
    <subfield code="c">IT-RoPAU</subfield>
  </datafield>
  <datafield tag="041" ind1=" " ind2=" ">
    <subfield code="a">ITALIANO  </subfield>
  </datafield>
  <datafield tag="100" ind1=" " ind2=" ">
    <subfield code="a">Scuderi Vincenzo</subfield>
  </datafield>
  <datafield tag="100" ind1=" " ind2=" ">
    <subfield code="g">Codice Aut. SPICS: 60163</subfield>
  </datafield>
  <datafield tag="245" ind1=" " ind2=" ">
    <subfield code="a">Arte medievale nel trapanese</subfield>
  </datafield>
  <datafield tag="245" ind1=" " ind2=" ">
    <subfield code="b">Arte Medievale nel Trapanese                                                                                                                              </subfield>
  </datafield>
  <datafield tag="250" ind1=" " ind2=" ">
    <subfield code="a">1a ed.</subfield>
  </datafield>
  <datafield tag="260" ind1=" " ind2=" ">
    <subfield code="b">s.e. (senza Editrice o non identificata)</subfield>
  </datafield>
  <datafield tag="260" ind1=" " ind2=" ">
    <subfield code="c">1978 [1&#xB0; Ed.:1978 - Ed.Ling.Originale:1978]</subfield>
  </datafield>
  <datafield tag="300" ind1=" " ind2=" ">
    <subfield code="a">"278 p. (prefazione: 4; testo: 274 [pagine: 0-0])"</subfield>
  </datafield>
  <datafield tag="500" ind1=" " ind2=" ">
    <subfield code="a">"Conquista Normanna. Castelli e Monasteri. Elementi plastico Architettonici Frammentari secoli XI XIII . Architettura Cenobica Periodo Normanno Svevo   e Aragonese nell'Agro Marsalese, Sul Monte Erice e Isole Egadi. chiese a nave Unica con Archi e Cupola Centrale. Cultura pittorica Dai Primi del XII Agli inizi Xiv Sec. Architetture militari e Feudali Periodo Svevo e Aragonese. insediamenti dei Grandi Ordini Religiosi, penetrazione del gotico nell'architettura Civile Trecentesca. Pittura, scultura  e Arti Applicate Sec. Xiv. Architettura e Pittura Sec. Xv. scultura  e Arti Applicate Sec. Xv, Aspetti Tradizionali di gusto e Nuovi Apporti nell'ultimo Trentennio del Secolo. Architettura Fine '400 e Primi Decenni Sec. Xvi: Arabo Normanno, gotico e Rimascimento nelle chiese e Cappelle a Cupola su Nicchie; gotico Catalano; Neo  Medievalismo Siculo Normanno e gusto Plateresco; Architetture militari di Trapani e Erice. scultura  e Pittura dei Primi Decenni Sec. Xvi: manifestazioni di Pienezza rinascimentale (Andrea della Robbia, Antonello Gagini, Tiziano Vecellio).                                                                                                        "</subfield>
  </datafield>
  <datafield tag="650" ind1=" " ind2=" ">
    <subfield code="a">STORIA DELLE ARTI VISIVE</subfield>
  </datafield>
  <datafield tag="650" ind1=" " ind2=" ">
    <subfield code="e">Codice materia Spics: 5008</subfield>
  </datafield>
  <datafield tag="942" ind1=" " ind2=" ">
    <subfield code="c">BK</subfield>
  </datafield>
  <datafield tag="957" ind1=" " ind2=" ">
    <subfield code="7">1</subfield>
  </datafield>
  <datafield tag="999" ind1=" " ind2=" ">
    <subfield code="c">76975</subfield>
    <subfield code="d">76975</subfield>
  </datafield>
  <datafield tag="999" ind1=" " ind2=" ">
    <subfield code="g">1</subfield>
  </datafield>
  <datafield tag="952" ind1=" " ind2=" ">
    <subfield code="0">0</subfield>
    <subfield code="1">0</subfield>
    <subfield code="4">0</subfield>
    <subfield code="6">K_000000000000000_0409</subfield>
    <subfield code="7">1</subfield>
    <subfield code="a">SPICS</subfield>
    <subfield code="b">SPICS</subfield>
    <subfield code="d">2013-03-08</subfield>
    <subfield code="l">0</subfield>
    <subfield code="o">K0409</subfield>
    <subfield code="r">2013-03-08 00:00:00</subfield>
    <subfield code="w">2013-03-08</subfield>
    <subfield code="y">BK</subfield>
    <subfield code="z">Progressivo inserimento:  21504 /  N. Volumi: 1 Copie: 1  / data import: 1 marzo 2013 - By Epidotti, Trombetti, Vaglietti. </subfield>
  </datafield>
</record>
